000 00736aam a2200265 i 4500
001 768714001
003 CO-MdFUSB
005 20250509130936.0
007 ta
008 250509txxw -us |||| |||| 00| 0 spa d
040 _cCO-MdFUSB
041 0 _aeng
082 0 4 _223
_a242.1
_bK3281j
100 1 _aKempis, Tomás A. (1380-1471)
_eautor
245 1 0 _aThe imitation of Christ
_c/ Thomas A. Kempis
264 _bCollins Clear Type Press,
_aLondres :
_c[Fecha de producción no identificada]
300 _a382 páginas
336 _atexto
_btxt
_2rdacontent
337 _2rdamedia
_asin mediación
_bn
338 _2rdacarrier
_avolumen
_bnc
563 _aPasta dura
653 _aMeditaciones
942 _cBK
945 _aJTF-925
999 _c35472
_d35472